Differential equations with boundary-value problems / (Record no. 362297)
[ view plain ]
| 000 -LEADER | |
|---|---|
| fixed length control field | 00440nam a2200145Ia 4500 |
| 008 - FIXED-LENGTH DATA ELEMENTS--GENERAL INFORMATION | |
| fixed length control field | 191023s9999 xx 000 0 und d |
| 020 ## - INTERNATIONAL STANDARD BOOK NUMBER | |
| International Standard Book Number | 9781337559881 |
| 100 ## - MAIN ENTRY--PERSONAL NAME | |
| Personal name | Zill, Dennis G. |
| 245 ## - TITLE STATEMENT | |
| Statement of responsibility, etc | Dennis G. Zill.-- |
| Title | Differential equations with boundary-value problems / |
| 250 ## - EDITION STATEMENT | |
| Edition statement | 9th ed |
| 260 ## - PUBLICATION, DISTRIBUTION, ETC. (IMPRINT) | |
| Place of publication, distribution, etc | Asia : |
| Name of publisher, distributor, etc | Cengage Learning |
| Date of publication, distribution, etc | 2018 |
| 300 ## - PHYSICAL DESCRIPTION | |
| Extent | x, 559 pages. |
| 650 ## - SUBJECT ADDED ENTRY--TOPICAL TERM | |
| Topical term or geographic name as entry element | Boundary value problems |
| 650 ## - SUBJECT ADDED ENTRY--TOPICAL TERM | |
| Topical term or geographic name as entry element | Differential equations |
| Withdrawn status | Lost status | Damaged status | Home library | Current library | Shelving location | Date acquired | Source of acquisition | Total Checkouts | Full call number | Barcode | Date last seen | Price effective from | Koha item type |
|---|---|---|---|---|---|---|---|---|---|---|---|---|---|
| College Library | College Library | Reserve Section | 10/23/2019 | Library Fund | QA 371 .Z69 2018 | C21885 | 10/23/2019 | 10/23/2019 | Books |